Normal view
MARC view
- P Krishnaraj
Entry Personal Name
001 - CONTROL NUMBER
- control field: 212404
003 - CONTROL NUMBER IDENTIFIER
- control field: OSt
005 - DATE AND TIME OF LATEST TRANSACTION
- control field: 20250616142623.0
008 - FIXED-LENGTH DATA ELEMENTS
- fixed length control field: 250616|| aca||aabn | a|a d
040 ## - CATALOGING SOURCE
- Original cataloging agency: OSt
- Transcribing agency: OSt
100 ## - HEADING--PERSONAL NAME
- Personal name: P Krishnaraj
670 ## - SOURCE DATA FOUND
- Source citation: Work cat.: (OSt)366713: P Krishnaraj , Textbook of Pathology, Genetics and Pharmacology - II , 2025